Clair-Obscur : Expédition 33 -tous types - Statistics

General Stats
  • This quiz has been taken 55 times
  • The average score is 13 of 41
Answer Stats
Information Réponse % Correct
Personnage jouable y étant rencontré Lune
89%
Leader des gestrals Golgra
74%
Compagnon non jouable "mourant" à la fin de la vieille lumière Noco
60%
Boss trouvé dans le manoir suspendu Cléa
57%
Personnage qu'il représente Cléa
57%
Personnage étant représenté par Sirène Aline
51%
Créatures pacifiques à la gare de monoco Grandis
49%
Boss de dark souls dans clair obscur Dualliste
46%
Enemi trouvable dès que Esquie sait nager et qui ensuite permet de "tricher" Sprong
46%
Journal trouvable avant l'opéra a Lumière dans de l'eau au loin : journal de l'expedition __ 60
40%
Réplique de Renoir à la fin du monolithe : "Si... pour te sauver, _ ___ __ _____" je dois te perdre
40%
Le nom de la première zone du jeu (hors prologue) Les vallons fleuris
37%
Instrument joué par Verso Piano
37%
Nom de l'OST de la phase 2 de ce boss We lost
37%
Nom de la musique du combat contre Renoir acte III Une vie à peindre
34%
Monstre nous attaquant directement après avoir débloqué ce personnage Portier
31%
Boss de la dernière étape de la tour éternelle Amour dépeint
29%
Boss qu'on retrouve pour la première fois aux océans suspendu et que Maelle conseille d'éviter Bourgeon
29%
Zone où l'on trouve Simon Esquisses de Renoir
29%
Marri mort de Sciel Pierre
29%
Devise de Gustave et des expeditions Pour ceux qui viendront après
29%
Instrument joué par Lune Guitarre
26%
Nom donné à Renoir avant l'acte 2 (dernier "boss" de l'acte 1) Homme aux cheveux blancs
26%
Ancienne amie/amour de Verso Julie
26%
Nom de la musique du vrai dernier combat du jeu Our drafts collide
26%
Nom de la musique du combat de boss de Goblu Rain from the ground
26%
Nom du troisième axon trouvable L'Aspirante
23%
Surnom donné a l'expédition 33 par les personnages principaux: expédition _______ désastreuse
20%
Boss qu'on retrouve partout au fil de l'aventure Mime
20%
Attaque au cour de laquelle Gustave la prononce Surcharge
20%
Nom de premier mort de l'expédition 33 Alan
17%
Esquie : "_____ ___ ____ __ _____ __ __________ __ _____, celui que l'on appelle FRANCOIS" Celui dont chaque pas ébranle les fondations du monde
17%
Son allié dans la zone Le Tisseur
17%
Nom de la musique des combats contre Maelle au tutoriel Our drafts unite
11%
Attaque débloquée par Maelle a l'acte III, qui l'affaiblit elle même Stendhal
11%
Nom du quatrième axon (déja vaincu à la veille Lumière) Le Porteur
9%
Attaque systématiquement effectuée en premier lors du combat contre la peintresse Météores du néant
9%
Nom du picto obtenu après avoir vaincu la Peintresse Puissance surpeinte
9%
Mini boss de l'ile de visages : boucheclier __________ bouillonant
6%
Nom de l'enemie trouvable en haut du monolithe après avoir battu la peintresse Clair Obscur chromatique
6%
Nom du thème de Sirène Poèmes d'amour
6%
No matching quizzes found
Score Distribution
Percent of People with Each Score
Percentile by Number Answered
Your Score History
You have not taken this quiz